Calidad de servicio y atención al usuario en el sector público

Guardat en:
Dades bibliogràfiques
Autor corporatiu: Dirección de Presupuestos. Ministerio de Hacienda (Autor)
Format: Llibre
Idioma:espanyol
Publicat: Santiago Dolmen Ediciones 1997
Edició:1a. ed
Matèries:
Etiquetes: Afegir etiqueta
Sense etiquetes, Sigues el primer a etiquetar aquest registre!

MARC

LEADER 00000cam a2200000 a 4500
001 UCD5806
003 CL-VaPUC
008 161028e19970000cl |||||||||||||||||spa|d
020 |a 956.2013324 
082 0 4 |a 658.8  |b DIR  |2 21 
110 2 |a Dirección de Presupuestos. Ministerio de Hacienda  |e author  |9 589570 
245 1 0 |a Calidad de servicio y atención al usuario en el sector público 
250 |a 1a. ed 
300 |a 339 p 
942 |c BK 
945 |d 20161028 10:18:00  |a dcastane 
260 |a Santiago  |b Dolmen Ediciones  |c 1997 
650 0 |a Calidad total  |9 259929 
650 0 |a Recursos humanos   |9 228420 
650 7 |a SERVICIOS DE GESTION  |2 CL-VaPUC  |9 351556 
650 0 |a Planificación estratégica   |9 259735 
583 |a last modification  |c 20161028 10:18:00  |k Rodrigo Vera 
999 |c 366355  |d 366353